000 00345nam a22001337a 4500
020 _qPB.
040 _cFIZZA ISHAQ
082 _a597
_bREI
100 _aKLINKE'S,REICHENBACH.
_9133202
245 _aFISH PATHOLOGY /
_cREICHENBACH KLINKE'S.
260 _aNEW YORK ;
_bT.F.H.PUBLICATION,
_c597.
300 _a512 P. ;
_c8.1X5.4IN
942 _2ddc
_cBK
999 _c616203
_d616203